Commercial Space Shop design restaurant & Bar design Exhibition Design (Record no. 2875)

000 -LEADER
fixed length control field 00331nam a2200109Ia 4500
008 - FIXED-LENGTH DATA ELEMENTS--GENERAL INFORMATION
fixed length control field 200302s9999 xx 000 0 und d
100 ## - MAIN ENTRY--PERSONAL NAME
Personal name Vivian Lei ed.,
245 ## - TITLE STATEMENT
Title Commercial Space Shop design restaurant & Bar design Exhibition Design
260 ## - PUBLICATION, DISTRIBUTION, ETC.
Name of publisher, distributor, etc. Artpower International Publishing Co., Ltd.,
260 ## - PUBLICATION, DISTRIBUTION, ETC.
Date of publication, distribution, etc. 2010
300 ## - PHYSICAL DESCRIPTION
Extent 352 P.,
Holdings
Withdrawn status Lost status Damaged status Not for loan Permanent Location Current Location Date acquired Cost, normal purchase price Full call number Barcode Date last seen Price effective from Koha item type
        BMS College of Architecture, Design and Planning BMS College of Architecture, Design and Planning 2020-03-03 3691.98 747.8521 CL-UG57488 2020-03-03 2020-03-03 UG Books from CL
Copyright © 2025, The Librarian, Library and Information Centre, BMSCA D&P, Bengaluru. All Rights Reserved
web counter

Powered by Koha